000 006070000a22001810004500
003 MACL
005 20160501155602.0
008 160501b xxu||||| |||| 00| 0 eng d
040 _aMACL
_cMACL
041 _aHindi
082 _a800 MUD
100 _aमुद़गल, चित्रा
_954834
245 _aबयार उनकी मुट़ठी में
_cचित्रा मुद़गल
260 _bकल्‍याणी शिक्षा परिषद
_c2004
_aनई दिल्‍ली
350 _a150
650 _aLiterature
_954835
942 _cHIN
_k800/MUD/L
_2ddc
999 _c18745
_d18745